Premier League Table - 2021/22 - Statistics

General Stats
  • This quiz has been taken 34 times
  • The average score is 18 of 20
Answer Stats
Placement Club % Correct
5 Arsenal
100%
3 Chelsea
100%
2 Liverpool
100%
1 Manchester City
100%
6 Manchester United
100%
4 Tottenham Hotspur
100%
15 Southampton
97%
7 West Ham United
97%
9 Brighton & Hove Albion
90%
12 Crystal Palace
90%
17 Leeds United
87%
14 Aston Villa
83%
16 Everton
83%
8 Leicester City
83%
11 Newcastle United
83%
10 Wolverhampton Wanderers
83%
20 Norwich City
80%
18 Burnley
77%
19 Watford
73%
13 Brentford
67%
No matching quizzes found
Score Distribution
Percent of People with Each Score
Percentile by Number Answered
Your Score History
You have not taken this quiz